| 000 | 00523cam a2200193ua 4500 | ||
|---|---|---|---|
| 001 | 2345 | ||
| 008 | 110805n ii |||gr||||Z||||||asm | ||
| 020 | _a81-7680-013-9 | ||
| 040 | _cMAIN | ||
| 082 | _a371.3 | ||
| 100 |
_aKakoty, Bidyananda, _eAuthor. |
||
| 245 | 1 |
_aShiksha danar padhatti aru kusal _cby Bidyananda Barkakoty |
|
| 250 | _a4th. | ||
| 260 |
_aDibrugarh: _bTushar publishing house, _c2007. |
||
| 300 |
_a379p: _bill; _c23cm. |
||
| 653 | _aEducation | ||
| 653 | _aShiksha danar padhatti aru kusal | ||
| 942 | _cBK | ||
| 999 |
_c2203 _d2203 |
||